000 00600nam a2200241Ia 4500
001 24246
005 20240114000758.0
007 ta
008 060406s1914 g b000 u 465 u
040 _aCotton College,Assam
041 _a465
082 _a823
_bB 276 L
100 _aBarrie, J.M. .
245 0 _aThe Little Minister /
_cJ.M. Barrie.
_hTextual Documents
250 _a1st ed. /
260 _aLondon :
_bCassell ,
_c1914.
300 _a302p. ;
_c17cm.
653 _aEnglish Novel
653 _aG-English
942 _2ddc
_cBK
999 _c24228
_d24228